|
|
|
|
| LEADER |
00000nam a2200000Ii 4500 |
| 001 |
DIGEPUJ0242 |
| 003 |
NyNyDIG |
| 006 |
m o d |
| 007 |
cr ||||||||||| |
| 008 |
211013s2020 ck a ob 000 0 spa d |
| 035 |
|
|
|a (OCoLC)1282641503
|
| 040 |
|
|
|a DGITA
|b eng
|e rda
|e pn
|c DGITA
|
| 020 |
|
|
|a 9789587814606
|q eBook
|
| 020 |
|
|
|z 9789587814590
|
| 050 |
1 |
4 |
|a R724 ebook
|
| 082 |
0 |
4 |
|a 174.2
|
| 245 |
0 |
0 |
|a Ética en el uso de las imágenes clínicas /
|c Lilián Torregrosa Almonacid, Fritz Eduardo Gempeler Rueda, editores académicos.
|
| 250 |
|
|
|a Primera edición.
|
| 264 |
|
1 |
|a Bogotá D.C. :
|b Editorial Pontificia Universidad Javeriana,
|c [2020]
|
| 300 |
|
|
|a 1 online resource :
|b illustrations.
|
| 336 |
|
|
|a text
|b txt
|2 rdacontent
|
| 337 |
|
|
|a computer
|b c
|2 rdamedia
|
| 338 |
|
|
|a online resource
|b cr
|2 rdacarrier
|
| 347 |
|
|
|a text file
|2 rdaft
|
| 347 |
|
|
|b EPUB
|
| 504 |
|
|
|a Includes bibliographical references.
|
| 588 |
0 |
|
|a Online resource; title from ePub title page (Digitalia, viewed October 13, 2021)
|
| 650 |
|
0 |
|a Medical ethics.
|
| 650 |
|
0 |
|a Medical photography.
|
| 650 |
|
0 |
|a Medical technology.
|
| 655 |
|
0 |
|a Electronic books.
|
| 700 |
1 |
|
|a Torregrosa Almonacid, Lilian,
|e editor.
|
| 700 |
1 |
|
|a Gempeler Rueda, Fritz Eduardo,
|e editor.
|
| 791 |
2 |
|
|a Digitalia (Firm),
|e distributor.
|
| 793 |
0 |
|
|g Digitalia eBook Collection:
|a Pontificia Universidad Javeriana
|
| 776 |
0 |
8 |
|i Print version:
|t Ética en el uso de las imágenes clínicas.
|b Primera edición.
|d Bogotá D.C. : Editorial Pontificia Universidad Javeriana, [2020]
|z 9789587814590
|
| 856 |
4 |
0 |
|3 Digitalia Hispánica
|u https://www.digitaliapublishing.com/a/68135/
|
| 910 |
|
|
|a Premium collection: 2021
|